[Event "Barcelona Sant Marti op-B 15th"]
[Site "Barcelona"]
[Date "2013.07.19"]
[Round "7"]
[White "Roig Martinez, Cristina"]
[Black "Perez Garcia, Francisco Jose"]
[Result "0-1"]
[WhiteElo "1476"]
[BlackElo "1840"]
[PlyCount "76"]
[EventDate "2013.07.13"]
[EventType "swiss"]
[EventRounds "9"]
[EventCountry "ESP"]
[SourceTitle "CBM 155 Extra"]
[Source "ChessBase"]
[SourceDate "2013.08.26"]
[SourceVersion "1"]
[SourceVersionDate "2013.08.26"]
[SourceQuality "1"]

1. e4 c5 2. Nf3 d6 3. h3 Nf6 4. Nc3 g6 5. Bc4 Bg7 6. d3 0-0 7. 0-0 Nc6 8. a3 a6 9. Be3 b5 10. Ba2 Bb7 11. Qc1 Re8 12. Rb1 Nd7 13. Ne2 e6 14. c4 b4 15. d4 cxd4 16. Nexd4 Nxd4 17. Nxd4 Bxe4 18. Ra1 bxa3 19. bxa3 Qh4 20. Bb1 Bxb1 21. Rxb1 Bxd4 22. Qd1 Bxe3 23. fxe3 Qg3 24. Rb7 Rab8 25. Rxd7 Rb2 26. Qf3 Qxf3 27. Rxf3 f5 28. Rxd6 Rc2 29. Rxa6 Rxc4 30. Ra7 Rec8 31. Rf4 R4c7 32. Rxc7 Rxc7 33. Kf2 Kf7 34. a4 Ra7 35. Kf3 Kf6 36. h4 h6 37. e4 e5 38. exf5 exf4 0-1

[Event "Barcelona Sant Marti op-B 15th"]
[Site "Barcelona"]
[Date "2013.07.15"]
[Round "3"]
[White "Pujal Moncho, Joaquim"]
[Black "Roig Martinez, Cristina"]
[Result "1-0"]
[WhiteElo "1768"]
[BlackElo "1476"]
[PlyCount "99"]
[EventDate "2013.07.13"]
[EventType "swiss"]
[EventRounds "9"]
[EventCountry "ESP"]
[SourceTitle "CBM 155 Extra"]
[Source "ChessBase"]
[SourceDate "2013.08.26"]
[SourceVersion "1"]
[SourceVersionDate "2013.08.26"]
[SourceQuality "1"]

1. d4 d5 2. c4 c6 3. Nc3 Nf6 4. Nf3 Bg4 5. Ne5 Bf5 6. e3 Nbd7 7. Nf3 e6 8. Be2 Be7 9. 0-0 0-0 10. Nh4 Bg6 11. Nxg6 fxg6 12. Bd2 e5 13. Qb3 exd4 14. exd4 Ne4 15. Nxe4 dxe4 16. Bc3 b6 17. Qc2 Nf6 18. Rad1 Qc7 19. Rd2 Rad8 20. Re1 Qf4 21. g3 Qf5 22. Bf1 Ng4 23. Bg2 e3 24. Qxf5 Rxf5 25. fxe3 Bg5 26. Rde2 Rdf8 27. Bxc6 Rf2 28. Bd5+ Kh8 29. Rxf2 Nxf2 30. Bg2 Ng4 31. Bd2 h6 32. Re2 Re8 33. e4 Bxd2 34. Rxd2 Ne3 35. b3 Nxg2 36. Kxg2 Rxe4 37. d5 Re8 38. Kf3 Kg8 39. Re2 Rd8 40. Re7 a6 41. Re6 b5 42. Rxa6 bxc4 43. bxc4 Kf8 44. Ke4 Ke7 45. c5 Kd7 46. Ra7+ Kc8 47. Ra8+ Kc7 48. Rxd8 Kxd8 49. Ke5 Kd7 50. a4 1-0

[Event "Barcelona Sant Marti op-B 15th"]
[Site "Barcelona"]
[Date "2013.07.13"]
[Round "1"]
[White "Salazar Navas, Josep"]
[Black "Roig Martinez, Cristina"]
[Result "1-0"]
[WhiteElo "1789"]
[BlackElo "1476"]
[PlyCount "51"]
[EventDate "2013.07.13"]
[EventType "swiss"]
[EventRounds "9"]
[EventCountry "ESP"]
[SourceTitle "CBM 155 Extra"]
[Source "ChessBase"]
[SourceDate "2013.08.26"]
[SourceVersion "1"]
[SourceVersionDate "2013.08.26"]
[SourceQuality "1"]

1. e4 e5 2. d4 Nc6 3. Nf3 exd4 4. c3 Nf6 5. e5 Nd5 6. Qb3 Nb6 7. cxd4 d6 8. Bb5 Bd7 9. 0-0 Be7 10. exd6 Bxd6 11. Re1+ Be7 12. d5 Na5 13. Qb4 Nac4 14. Bxc4 0-0 15. Rxe7 Nxc4 16. Rxd7 Qxd7 17. Qxc4 Rac8 18. Nc3 Rfe8 19. Be3 a6 20. Rc1 c6 21. Qa4 b5 22. Qxa6 b4 23. Na4 Qxd5 24. Nb6 Qe6 25. Nd4 Qd6 26. Nxc8 1-0